| 000 | 00366nam a22001577a 4500 | ||
|---|---|---|---|
| 003 | SGT | ||
| 020 | _a9780702072772 | ||
| 082 |
_a611 _bR18W |
||
| 100 | _aWAUGH, ANNE | ||
| 245 | _aROSS & WILSON ANATOMY & PHYSIOLOGY IN HEALTH AND ILLNESS | ||
| 250 | _a13TH | ||
| 260 |
_aINDIA _bELSEVIER PUB |
||
| 300 | _a560 | ||
| 650 | _aHUMAN ANATOMY | ||
| 942 |
_2ddc _cBK _0336 |
||
| 999 |
_c21965 _d21965 |
||